La piedra de toque : (Record no. 67829)

MARC details
000 -LEADER
campo de control de longitud fija 00596nmm a2200193Ia 4500
008 - DATOS DE LONGITUD FIJA--INFORMACIÓN GENERAL
campo de control de longitud fija 251105s9999||||xx |||||||||||||||||und||
020 ## - NÚMERO INTERNACIONAL ESTÁNDAR DEL LIBRO
Número Internacional Estándar del Libro 9789681673819
041 ## - CÓDIGO DE IDIOMA
Código de lengua del texto/banda sonora o título independiente spa
100 ## - ENTRADA PRINCIPAL--NOMBRE DE PERSONA
Nombre de persona Lévy-Leblond, Jean-Marc
245 #0 - MENCIÓN DEL TÍTULO
Título La piedra de toque :
Resto del título La ciencia a prueba 
264 ## - PRODUCCIÓN, PUBLICACIÓN, DISTRIBUCIÓN, FABRICACIÓN Y COPYRIGHT
Producción, publicación, distribución, fabricación y copyright [México D.C., Mexico] :
Nombre del de productor, editor, distribuidor, fabricante Fondo de Cultura Económica,
Fecha de producción, publicación, distribución, fabricación o copyright 2016
300 ## - DESCRIPCIÓN FÍSICA
Extensión 267 páginas
490 ## - MENCIÓN DE SERIE
Mención de serie Ciencia y Tecnología
650 ## - PUNTO DE ACCESO ADICIONAL DE MATERIA--TÉRMINO DE MATERIA
Término de materia o nombre geográfico como elemento de entrada Sciences
700 ## - ENTRADA AGREGADA--NOMBRE PERSONAL
Nombre de persona Lévy-Leblond, Jean-Marc
700 1# - ENTRADA AGREGADA--NOMBRE PERSONAL
Nombre de persona Sulé Fernández, Tatiana
856 ## - LOCALIZACIÓN Y ACCESO ELECTRÓNICOS
Identificador Uniforme de Recursos <a href="https://public.digitaliapublishing.com/a/64645">https://public.digitaliapublishing.com/a/64645</a>
942 ## - ELEMENTOS DE ENTRADA SECUNDARIOS (KOHA)
Tipo de ítem Koha Libro Digital

No items available.

Powered by Koha